000 02109cam a22004694i 4500
003 PE-LiUPU
005 20250731183433.0
008 150706s r 000 0 d
020 _a9789681869311
035 _a(Sirsi) i9789681869311
040 _aPE-LiUPU
_bspa
_cPE-LiUPU
_erda
049 _aPRUA
082 0 4 _a720.9
_bHA
_221
100 1 _aFletcher, Banister,
_d1866-1953,
_eautor.
245 1 0 _aHistoria de la arquitectura :
_bEuropa y Rusia: del renacimiento al posrenacimiento /
_cSir Banister Fletcher ; colaboradores en la traducción Antonio Abad Sánchez . [et. al].
264 1 _aMéxico :
_bLimusa: Universidad Autónoma Metropolitana,
_c2006.
300 _apáginas 805-1158 :
_bilustraciones ;
_c24 cm.
336 _atext
_2rdacontent
337 _aunmediated
_2rdamedia
338 _avolume
_2rdacarrier
490 0 _aHistoria de la Arquitectura
500 _aVersión autorizada en español de la obra: Sir Banister Fletcher´s History of Architecture, 20 edition.
505 0 _aAntecedentes -- Italia -- Francia, España y Portugal -- Austria, Alemania y Europa Central -- Países bajos y Gran Bretaña -- Rusia y Escandinavia -- Posrenacimiento en Europa.
526 _aP158
526 _aP146
526 _aP17
526 _aP12
526 _aP06
541 _g001-003517;
650 0 4 _aArquitectura
_xHistoria.
650 0 4 _aArquitectura
_xHistoria
_vEstudios comparados.
650 0 4 _aArquitectura islámica.
700 1 _aCruickshank, Dan,
_eed.
700 1 _aRodríguez Viqueira, Manuel,
_ecoord.
700 1 _aAbad Sánchez, Antonio,
_etr.
910 _agl
_cjck
_d20120528
942 _2ddc
_cBOOK
949 _a720.9 HA 4
_wDEWEY
_c1
_i64773
_lCCODEBUL1
_mBUL
_p31.00
_r0
_sY
_tBOOK
_u2015-7-6
_xINGENIERIA
_PP06
_o.STAFF. Colección General
994 _aC0
_bPEPRU
596 _a1
999 _a720.9 HA 4
_wDEWEY
_c53478
_i64773
_d53478
_e2022-6-16
_f2021-11-9
_g7
_lCCODEBUL1
_mBUL
_n7
_p31.00
_q1
_r0
_sY
_tBOOK
_u2015-7-6
_xINGENIERIA
_PP06
_0COMPRA
_o.STAFF. Colección General
980 _81
_gALBERTO SANCHEZ Responsable de Automatización